Países que produzem mais espargos - Statistics

Estatísticas Gerais
  • Esse quiz foi jogado 42 vezes
  • A pontuação média é 14 de 20
Estatísticas das Respostas
toneladas
x 1000
país % Correto
35 Estados Unidos
100%
7350 China
98%
6 Canadá
93%
20 França
93%
30 Itália
90%
102 Alemanha
88%
11 Austrália
88%
120 México
88%
45 Espanha
85%
30 Japão
80%
5 Reino Unido
80%
11 Argentina
70%
12 Chile
63%
377 Peru
60%
10 Grécia
55%
65 Tailândia
53%
16 Países Baixos
50%
20 Irão
43%
6 Bulgária
25%
5 Hungria
15%
Nenhum quiz correspondente encontrado
Distribuição das Pontuações
Porcentagem de Pessoas com Cada Pontuação
Percentil de Números Respondidos
Sua Pontuação Histórica
Você não jogou esse quiz